000 00781nam a2200217Ia 4500
001 8515
003 GE_BSU
008 181216s||||||||xx |||||||||||||| ||und||
040 _cGE_BSU
080 _a821.353.1-1
100 _aვაკელი,იონა
245 _aრჩეული. პოეზია. შესავალი წერილით
245 _cრედ. კალე ბობოხიძე. მნხატვ. დ. და ვლ.ქუთათელაძეები
260 _aთბილისი
260 _bსაბჭოთა საქართველო
260 _c1958
300 _a280გვ.ილ.20სმ.
653 _aდრამა 4 მოქმედებად
653 _aპოეზია
942 _cBK
999 _c41832
_d41832